| 000 | 00611nam a2200241Ia 4500 | ||
|---|---|---|---|
| 003 | OSt | ||
| 005 | 20220924123322.0 | ||
| 006 | a|||||r|||| 00| 0 | ||
| 007 | ta | ||
| 008 | 220923b |||||||| |||| 00| 0 mal d | ||
| 024 | _a56039 | ||
| 037 | _cTextual | ||
| 040 |
_aARTS _cARTS _bmal |
||
| 041 |
_2mal _amal |
||
| 082 | _aP33, 334 | ||
| 245 | 0 | _aGrammar of ancient dialectr of Kannada language | |
| 250 | _a2nd | ||
| 260 |
_aN _bDelhi Asian Educational Services _c1984 |
||
| 300 |
_a184p. _ccm. |
||
| 650 | _aLINGUISTICS | ||
| 942 |
_hP33, 334 _cTEXL _2CC |
||
| 999 |
_c415262 _d415262 |
||